Islam and its contemporary faiths (Record no. 65686)

MARC details
000 -LEADER
fixed length control field 00535cam a22002171 4500
001 - CONTROL NUMBER
control field sa 65008303
003 - CONTROL NUMBER IDENTIFIER
control field DLC
005 - DATE AND TIME OF LATEST TRANSACTION
control field 20260227112155.0
008 - FIXED-LENGTH DATA ELEMENTS--GENERAL INFORMATION
fixed length control field 771114s1965 pk 000 0 eng
010 ## - LIBRARY OF CONGRESS CONTROL NUMBER
LC control number sa 65008303
035 ## - SYSTEM CONTROL NUMBER
System control number (OCoLC)3417071
040 ## - CATALOGING SOURCE
Original cataloging agency DLC
Transcribing agency PBlbM
Modifying agency DLC
042 ## - AUTHENTICATION CODE
Authentication code premarc
050 00 - LIBRARY OF CONGRESS CALL NUMBER
Classification number BL80.2
Item number .B74
100 1# - MAIN ENTRY--PERSONAL NAME
Personal name Brelvi, Mahmud,
Dates associated with a name 1908-
245 10 - TITLE STATEMENT
Title Islam and its contemporary faiths
250 ## - EDITION STATEMENT
Edition statement [1st ed.]
260 ## - PUBLICATION, DISTRIBUTION, ETC.
Place of publication, distribution, etc. Karachi,
Date of publication, distribution, etc. 1965.
300 ## - PHYSICAL DESCRIPTION
Extent xii, 304 p. ;
Dimensions 23 cm.
650 #0 - SUBJECT ADDED ENTRY--TOPICAL TERM
Topical term or geographic name entry element Religions.

No items available.

Powered by Koha